| 000 | 00478nam a22001817a 4500 | ||
|---|---|---|---|
| 003 | OSt | ||
| 005 | 20140311134814.0 | ||
| 008 | 130128t xxu||||| |||| 00| 0 eng d | ||
| 020 | _a9712327043 | ||
| 050 |
_aGV436 _b.Oy98 2000 |
||
| 082 |
_aFIL 613.7 _bOy1 2000 |
||
| 245 |
_aPhysical fitness for college freshmen. _cOyco, Virginia D. |
||
| 260 |
_aManila _bRex Book Store _cc2000 |
||
| 300 |
_a131 p. _c22.2 cm. |
||
| 942 |
_2lcc _cBK _kFIL |
||
| 999 |
_c35871 _d35871 |
||